00699nam a2200241 a 4500001001300000003000900013005001700022008004100039020001000080082001400090100002200104245002100126260005400147300000800201500003500209505002400244650002300268700002200291902000800313942000700321952011400328999001500442nice12345678IN_TiNIC20260116011737.0050524s1976 hyda grp 000 0 tel  ac10000a297bAHM1 aAhmed Khursheed,  aIslam Parichayam aHyderabad bMarkazi Anjuman Taleemus Salat c1976 a28p aincludes index and biblioraphy2 aBibliography, index aIslam-Meccan Trade1 aAhmed Khursheed,  bSRS cBK 001040708StackRoom-aHMIbHMId2008-03-27g100.00l0o297 AHM1p09696r2008-03-27v100.00w2005-05-24yBK c3643d3643